Former Cities - Statistics

General Stats
  • This quiz has been taken 20 times
  • The average score is 19 of 25
Answer Stats
Former Years Current % Correct
12) Peking 17th C-1970s Beijing
100%
3) Saigon 1860s-1975 Ho Chi Minh City
100%
11) Constantinople 330 AD-930s Istanbul
100%
2) Tenochtitlan 1325-1521 Mexico City
100%
4) Bombay 17th C-1995 Mumbai
100%
9) Leningrad 1924-1991 St Petersburg
100%
1) Edo 1603-1868 Tokyo
100%
13) Calcutta 1772-2001 Kolkata
95%
18) Carthage 814 BC-698 AD Tunis
95%
10) Danzig 1920-1945 Gdansk
90%
7) Nieuw Amsterdam 1624-1664 New York
90%
8) Nur-Sultan 2019-2022 Astana
85%
5) Leopoldville 1881-1966 Kinshasa
85%
6) Gyeongseong 1910-1945 Seoul
80%
19) Smyrna 11th C BC- 1930 Izmir
70%
17) Batavia 1691-1942 Jakarta
70%
15) Christiania 1624-1924 Oslo
70%
16) Stalingrad 1925-1961 Volgograd
70%
14) Rangoon 1852-1989 Yangon
65%
23) Thebes 3200 BC-7th C AD Luxor
60%
25) Salenik/Salonica 1430-1912 Thessaloniki
45%
24) Titograd 1946-1992 Podgorica
40%
21) Yerba Buena 1835-1847 San Francisco
30%
22) Terminus/Marthasville 1837-1845 Atlanta
15%
20) Wyandotte 1850s-1886 Kansas City
5%
No matching quizzes found
Score Distribution
Percent of People with Each Score
Percentile by Number Answered
Your Score History
You have not taken this quiz